000 00407nam a2200145 i 4500
001 bg
100 1 _aOSYCZKA, Andrzej
245 0 _aOrganizacja i optymalizacja procesów w przedsiębiorstwie budowy maszyn... /
_cAndrzej Osyczka, Jan Szadkowski.
260 _aKraków,
_c1974.
700 1 _aSZADKOWSKI, Jan
040 _cBPK
041 _apol
942 _cKS
008 s pl f |000 0 pol
999 _c15779
_d15779
856 _uhttp://koha.tu.koszalin.pl/cgi-bin/koha/opac-detail.pl?biblionumber=15779
_yKatalog online BPK